Hľadanie demokracie Reflexie o smerovaní k otvorenej spoločnosti

Saved in:
Bibliographic Details
Main Author: Strinka, Július
Format: Book
Language:Slovak
Published: Bratislava VEDA 1995
Edition:1. vyd.
Subjects:
Tags: Add Tag
No Tags, Be the first to tag this record!

MARC

LEADER 00000nam a2200000 4500
001 c012688
005 20230228110857.6
020 |a 80-224-0424-1 
041 0 |a slo 
044 |a SK 
245 1 0 |a Hľadanie demokracie  |b Reflexie o smerovaní k otvorenej spoločnosti  |c Július Strinka a kol. 
250 |a 1. vyd. 
264 1 |a Bratislava  |b VEDA  |c 1995 
300 |a 146 s. 
610 2 0 |a demokracia 
610 2 0 |a spoločnosť 
610 2 0 |a sociológia 
610 2 0 |a kultúra 
610 2 0 |a kultúra podniková 
610 2 0 |a humanizmus 
610 2 0 |a osobnosť 
100 1 |a Strinka, Július